Compensation Management in a Knowledge based World (Record no. 4577)

MARC details
000 -LEADER
fixed length control field 00435nam a22001697a 4500
005 - DATE AND TIME OF LATEST TRANSACTION
control field 20180813141519.0
008 - FIXED-LENGTH DATA ELEMENTS--GENERAL INFORMATION
fixed length control field 160629b xxu||||| |||| 00| 0 eng d
020 ## - INTERNATIONAL STANDARD BOOK NUMBER
ISBN 81-297-0110-3
041 ## - LANGUAGE CODE
Language code of text/sound track or separate title eng
082 ## - DEWEY DECIMAL CLASSIFICATION NUMBER
Item number 10798
Classification number 658.32
100 ## - MAIN ENTRY--AUTHOR NAME
Personal name Henderson, Richard I
245 ## - TITLE STATEMENT
Title Compensation Management in a Knowledge based World
260 ## - PUBLICATION, DISTRIBUTION, ETC. (IMPRINT)
Name of publisher Pearson
Year of publication 2004
Place of publication delhi
300 ## - PHYSICAL DESCRIPTION
Number of Pages 623p,
650 ## - SUBJECT ADDED ENTRY--TOPICAL TERM
Topical Term Management
942 ## - ADDED ENTRY ELEMENTS (KOHA)
Koha item type Books
Holdings
Lost status Damaged status Collection code Home library Current library Shelving location Date acquired Cost, normal purchase price Full call number Accession Number Copy number Koha item type
    MANAGEMENT JRU Library JRU Library SHELF- 67 G 29/06/2016 350.00 10798 10798 658.32 Books
    MANAGEMENT JRU Library JRU Library SHELF- 67 G 29/06/2016 350.00 10798 10799 658.32 Books